LEADER 01099nam a2200265 a 4500 001 000000032737 003 CaOOAMICUS 005 20141125100256.0 008 971022s1970 gw u000 u ger r 035 $a10773892 040 $aPUL(R)$bita 100 1 $aHerrmann, Siegfried.$0(OLS)http://pul/name/19424 245 10$aIsraels Aufenthalt in Ägypten /$cSiegfried Herrmann. 260 $aStuttgart :$bVerlag katholisches Bibelwerk,$cc1970. 300 $a110 p. ;$c21 cm 490 1 $aStuttgarter Bibelstudien ;$v40 504 $a"Literaturverzeichnis": pp. 95-101. 730 0 $aBiblia.$pV.T.$lTedesco.$kGruppi, scelte.$0(OLS)http://pul/title/42249 830 0$aStuttgarter Bibelstudien ;$v40.$0(OLS)http://pul/title/15475 850 $aPUL 852 $aPUL$W1$xDP2 Religione 1$y63$m10(4) H 40$j45062$nBK-PRI$qStampati$B45062$CPULBib$Z2$F45062 $H60856 $82 941 1 $a8 961 $aINV: 60856 996 $6245$aIsraels Aufenthalt in Ägypten$9(OLS)http://pul/title/45136 996 $6260$aStuttgart :$bVerlag katholisches Bibelwerk$9(OLS)http://pul/publisher/55568 LEADER 01147nam a2200253 u 4500 001 000000061532 003 CaOOAMICUS 005 20070226121032.0 008 010910s1983 it u000 u ita u 035 $a10902004 040 $aPUL(R)$bita 245 00$aCoscienza civile ed esperienza religiosa nell'Europa moderna :$batti del convegno internazionale di studio, Pavia, 1-3 ottobre 1981 /$ca cura di Romeo Crippa. 260 $aBrescia :$bMorcelliana,$c1983. 300 $a398 p. ;$c22 cm 504 $aBibliografia in nota. 650 4$aReligiosità.$0(OLS)http://pul/subject/6196 650 4$aSocietà.$0(OLS)http://pul/subject/7210 700 1 $aCrippa, Romeo.$0(OLS)http://pul/name/1246 850 $aPUL 852 $aPUL$W1$xSL Religione 1$y3$m58 F 51$j80157$nBK-PRI$b $qStampati$B80157$CPULBib$Z2$F80157 $H $81 941 1 $a8 961 $aINV: 50568 996 $6245$aCoscienza civile ed esperienza religiosa nell'Europa moderna :$batti del convegno internazionale di studio, Pavia, 1-3 ottobre 1981$9(OLS)http://pul/title/82155 996 $6260$aBrescia :$bMorcelliana$9(OLS)http://pul/publisher/47854